MARC details
| 000 -LEADER |
| fixed length control field |
04562cam a22005057a 4500 |
| 001 - CONTROL NUMBER |
| control field |
16476927 |
| 003 - CONTROL NUMBER IDENTIFIER |
| control field |
OSt |
| 005 - DATE AND TIME OF LATEST TRANSACTION |
| control field |
20230606153734.0 |
| 008 - FIXED-LENGTH DATA ELEMENTS--GENERAL INFORMATION |
| fixed length control field |
100925s2010 sz a b i000 0 eng d |
| 010 ## - LIBRARY OF CONGRESS CONTROL NUMBER |
| LC control number |
2010516170 |
| 016 7# - NATIONAL BIBLIOGRAPHIC AGENCY CONTROL NUMBER |
| Record control number |
101534900 |
| Source |
DNLM |
| 020 ## - INTERNATIONAL STANDARD BOOK NUMBER |
| International Standard Book Number |
9789241563963 (pbk.) |
| 020 ## - INTERNATIONAL STANDARD BOOK NUMBER |
| International Standard Book Number |
9241563966 (pbk.) |
| 020 ## - INTERNATIONAL STANDARD BOOK NUMBER |
| Canceled/invalid ISBN |
9789240684935 (electronic bk.) |
| 020 ## - INTERNATIONAL STANDARD BOOK NUMBER |
| Canceled/invalid ISBN |
924068493X (electronic bk.) |
| 035 ## - SYSTEM CONTROL NUMBER |
| System control number |
(OCoLC)ocn640089154 |
| 040 ## - CATALOGING SOURCE |
| Original cataloging agency |
NLE |
| Transcribing agency |
NLE |
| Modifying agency |
HNC |
| -- |
TPH |
| -- |
GUA |
| -- |
HPH |
| -- |
NOH |
| -- |
DLC |
| 042 ## - AUTHENTICATION CODE |
| Authentication code |
lccopycat |
| 050 00 - LIBRARY OF CONGRESS CALL NUMBER |
| Classification number |
RA645.5 |
| Item number |
.S78 2010 |
| 060 14 - NATIONAL LIBRARY OF MEDICINE CALL NUMBER |
| Classification number |
WO 700 w927 |
| 082 ## - DEWEY DECIMAL CLASSIFICATION NUMBER |
| Classification number |
617.1 |
| Item number |
WHO |
| 245 00 - TITLE STATEMENT |
| Title |
Strengthening Care for the Injured : |
| Remainder of title |
Success Stories and Lessons Learned from Around the World. |
| 260 ## - PUBLICATION, DISTRIBUTION, ETC. (IMPRINT) |
| Place of publication, distribution, etc. |
Geneva : |
| Name of publisher, distributor, etc. |
World Health Organization, |
| Date of publication, distribution, etc. |
2010. |
| 300 ## - PHYSICAL DESCRIPTION |
| Extent |
vii, 62 p. : |
| Other physical details |
ill. ; |
| Dimensions |
30 cm. |
| 500 ## - GENERAL NOTE |
| General note |
Editors: Charles Mock, Catherine Juillard, Manjul Joshipura, Jacques Goosen. |
| 504 ## - BIBLIOGRAPHY, ETC. NOTE |
| Bibliography, etc |
Includes bibliographical references. |
| 505 0# - FORMATTED CONTENTS NOTE |
| Formatted contents note |
Executive summary -- Introduction -- 1. Prehospital care -- 2. Hospital-based care -- 3. Rehabilitation -- 4. System-wide improvements -- Summary and lessons learned |
| 520 ## - SUMMARY, ETC. |
| Summary, etc. |
"Injury accounts for a significant proportion of the world's burden of disease. Each year 5.8 million people die from injury and millions more are disabled. The response to this global health problem needs to include a range of activities, from better surveillance to more in-depth research, and primary prevention. Also needed are efforts to strengthen care of the injured. The World Health Organization (WHO) has responded to this need with a variety of actions. It has supported countries in setting up trauma care programmes and in developing their capacity to care for the injured. It has also developed, in consultation with global experts, guidelines to assist with the organization and planning of trauma care, such as Prehospital trauma care systems, Guidelines for essential trauma care, and Guidelines for trauma quality improvement programmes. These publications have been used in many countries and have helped to stimulate 'on the ground' improvements and policy changes. Efforts to improve care of the injured globally received a major boost in 2007 when the World Health Assembly (WHA) adopted resolution WHA60.22 on trauma and emergency care services. This called upon governments and WHO to increase their efforts to improve care for victims of injury and other medical emergencies. It also called upon WHO to raise awareness about affordable ways in which trauma and emergency care services can be strengthened, especially through universally applicable means such as improvements in organization and planning. Similarly, resolution WHA58.23 on disability, including prevention, management, and rehabilitation, requested WHO to provide support to countries in developing rehabilitation services for people with disabilities. In response to these requests WHO collected this set of case studies, documenting success stories and lessons learned from several countries. Through this publication, WHO seeks to increase communication and the exchange of ideas among those working in the field of trauma care, whether in the prehospital setting, in acute care in hospitals, or in longer term rehabilitation; to increase communication among those involved in planning, administering, advocating for, or directly providing trauma care services; and to increase communication among those working in the field of trauma care in different countries worldwide." - p. iii |
| 650 #0 - SUBJECT ADDED ENTRY--TOPICAL TERM |
| Topical term or geographic name as entry element |
Emergency medical services. |
| 650 #0 - SUBJECT ADDED ENTRY--TOPICAL TERM |
| Topical term or geographic name as entry element |
Rehabilitation. |
| 650 #0 - SUBJECT ADDED ENTRY--TOPICAL TERM |
| Topical term or geographic name as entry element |
Traumatology. |
| 650 12 - SUBJECT ADDED ENTRY--TOPICAL TERM |
| Topical term or geographic name as entry element |
Emergency Medical Services |
| Form subdivision |
Case Reports. |
| 650 12 - SUBJECT ADDED ENTRY--TOPICAL TERM |
| Topical term or geographic name as entry element |
Emergency Medical Services |
| General subdivision |
organization & administration. |
| 650 12 - SUBJECT ADDED ENTRY--TOPICAL TERM |
| Topical term or geographic name as entry element |
Emergency Treatment |
| Form subdivision |
Case Reports. |
| 650 12 - SUBJECT ADDED ENTRY--TOPICAL TERM |
| Topical term or geographic name as entry element |
Rehabilitation |
| Form subdivision |
Case Reports. |
| 650 12 - SUBJECT ADDED ENTRY--TOPICAL TERM |
| Topical term or geographic name as entry element |
Traumatology |
| Form subdivision |
Case Reports. |
| 650 12 - SUBJECT ADDED ENTRY--TOPICAL TERM |
| Topical term or geographic name as entry element |
Wounds and Injuries |
| General subdivision |
rehabilitation. |
| 700 1# - ADDED ENTRY--PERSONAL NAME |
| Personal name |
Mock, Charles. |
| 710 2# - ADDED ENTRY--CORPORATE NAME |
| Corporate name or jurisdiction name as entry element |
World Health Organization. |
| Subordinate unit |
Violence and Injury Prevention. |
| 787 08 - OTHER RELATIONSHIP ENTRY |
| Relationship information |
Also available online: |
| Title |
Strengthening care for the injured. |
| Place, publisher, and date of publication |
Geneva : World Health Organization, 2010 |
| International Standard Book Number |
9789241563963 |
| Record control number |
(OCoLC)642162399 |
| 856 41 - ELECTRONIC LOCATION AND ACCESS |
| Uniform Resource Identifier |
<a href="http://whqlibdoc.who.int/publications/2010/9789241563963_eng.pdf">http://whqlibdoc.who.int/publications/2010/9789241563963_eng.pdf</a> |
| 906 ## - LOCAL DATA ELEMENT F, LDF (RLIN) |
| a |
7 |
| b |
cbc |
| c |
copycat |
| d |
3 |
| e |
ncip |
| f |
20 |
| g |
y-gencatlg |
| 942 ## - ADDED ENTRY ELEMENTS (KOHA) |
| Source of classification or shelving scheme |
Dewey Decimal Classification |
| Koha item type |
Books |